| 000 | 01585nam a2200409 a 4500 | ||
|---|---|---|---|
| 001 | 000029498 | ||
| 003 | DO-SdBNP | ||
| 005 | 20171023110517.0 | ||
| 007 | 000029498 | ||
| 008 | 110418s2010 dr bc 001 0 spa d | ||
| 020 | _a9789945457193 | ||
| 040 |
_aBPMSU _bspa _cBPMSU |
||
| 082 | 0 | 4 |
_a972.9304 _bM385n |
| 100 | 1 | _aMartínez-Vergne, Teresita | |
| 240 | 1 | 0 | _aNation & citizen in the Dominican Republic, 1880-1916 |
| 245 | 1 | 0 |
_aNación y ciudadano en la República Dominicana, 1880-1916 / _cTeresita Martínez-Vergne; traductor José M. Guillén, presentación Mariano Mella, prólogo Roberto Cassá. |
| 260 | 0 |
_aSanto Domingo : _bSociendad Dominicana de Bibliófilos, _c2010. |
|
| 300 |
_a358 p. : _bmapas, retrs. ; _c21 cm. |
||
| 490 | 1 | _aBibliófilos 2000 | |
| 500 | _aIncluye índice onomástico y temático | ||
| 500 | _aIncluye referencias bibliográficas y notas al pie de las páginas | ||
| 504 | _a. | ||
| 504 | _aBibliografía p.: 333-343 | ||
| 650 | 4 |
_aNACIONALISMO _zREPÚBLICA DOMINICANA _xHISTORIA |
|
| 650 | 4 |
_aCIUDADANIA _zREPÚBLICA DOMINICANA |
|
| 651 | 4 |
_aREPÚBLICA DOMINICANA _xCARACTERÍSTICAS NACIONALES |
|
| 651 | 4 |
_aREPÚBLICA DOMINICANA _xVIDA INTELECTUAL |
|
| 651 | 4 |
_aREPÚBLICA DOMINICANA _xPOLÍTICA Y GOBIERNO _y1844-1930 |
|
| 700 | 1 |
_aGuillén, José M., _etrad. |
|
| 700 | 1 | _aMella, Mariano | |
| 700 | 1 | 2 |
_aCassá, Roberto, _d1948- _epról. |
| 830 | 0 | _aBibliófilos 2000 | |
| 910 | _aValidado. Control de calidad MFF | ||
| 942 |
_2ddc _cBK |
||
| 945 | _aInventariado / 2017 VM | ||
| 956 |
_aVMATEO _b10 _cBPMSU _l20150305 _h00151 |
||
| 999 |
_c7549 _d7549 |
||